| 000 | 01159nam a2200217 i 4500 | ||
|---|---|---|---|
| 001 | 170780 | ||
| 003 | ES-MaACL | ||
| 005 | 20250808062742.0 | ||
| 008 | 090406s1953 sp |||| | spa d | ||
| 100 | 0 |
_aAnselmo _cSanto, Arzobispo de Canterbury. _921838 |
|
| 245 | 1 | 0 |
_aObras completas de San Anselmo _b: traducidas por primera vez al castellano, texto latino de la edición crítica del P. Schmidt. _nII / _cintroducción general, versión castellana y notas teológicas sacadas de los comentarios del P. Olivares por Julian Alameda. |
| 260 |
_aMadrid : _bLa Editorial Católica, _c1953. |
||
| 300 |
_aXV, 804 p. ; _c20 cm. |
||
| 490 | 1 |
_aBiblioteca de autores cristianos ; _v100 |
|
| 505 | 8 | _aContiene : De la concepción virginal y del pecado original ; Sobre la procesión del Espíritu Santo ; Cartas dogmáticas ; De la concordia de la presciencia, de la predestinación y gracia divina con el libre albedrío ; Oraciones y meditaciones ; Cartas | |
| 546 | _aTexto en latín y español. | ||
| 700 | 0 |
_aAlameda, Julián. _919097 |
|
| 830 | 0 | 0 |
_aBiblioteca de autores cristianos _v100 _9178679 |
| 852 |
_aES-MaACL _jJ-98 |
||
| 999 |
_c170780 _d170780 |
||